Statistics for #1 Hits i Norge i Løp av 2010-tallet Quiz

Click here to take the quiz!

General Stats

  • This quiz has been taken 145 times
    (122 since last reset)
  • The average score is 40 of 100

Answer Stats

#Artist/Band% Correct
1Ed Sheeran og Justin Bieber
91%
1Mariah Carey
88%
1Lady Gaga og Bradley Cooper
87%
3Lady Gaga
86%
3Justin Bieber
84%
1Justin Bieber og BloodPop
84%
3Ed Sheeran
81%
5Rihanna
81%
2Billie Eilish
79%
1Kygo og Selena Gomez
76%
1Mads Hansen
76%
6Kygo
74%
1Kygo og Labrinth
74%
1Nicolay Ramm
74%
6Alan Walker
73%
4Avicii
73%
1Adele
69%
2Freddy Kalas
69%
1MARS, Karpe Diem, Unge Ferrari og Arif
67%
2Ariana Grande
66%
1Gabrielle
65%
1Ke$ha
65%
1Shawn Mendes og Camila Cabello
65%
1Ylvis
65%
1Bruno Mars
59%
1PSY
58%
2Drake
57%
2Madcon
57%
1Maroon 5
57%
1TIX
56%
1Erik Follestad og Linni Meister
53%
1Lil Nas X
53%
3Eminem
52%
1Keiino
52%
3Post Malone
52%
1Maria Mena
51%
1The Weeknd
51%
1Julie Bergan
50%
2DJ Broiler
49%
1Marcus & Martinus
49%
1Plumbo
49%
1Vinni
49%
1Tones and I
45%
1Zara Larsson
44%
1Coldplay
43%
1Ava Max
42%
1Admiral P
41%
1Astrid S
40%
1Loreen
40%
1Macklemore og Ryan Lewis
40%
1David Guetta og Sia
37%
1Katastrofe
37%
1Morgan Sulele
37%
1 Pharrell Williams
37%
1Pitbull
37%
1 Temur og Hkeem
37%
1Ellie Goulding
35%
1Laleh
31%
1Veronica Maggio
31%
3Flo Rida
30%
1Wiz Khalifa
30%
1Donkey Boy
28%
1Jennifer Lopez
28%
1Passenger
28%
1The Chainsmokers
28%
2will.i.am
28%
1Chris Medina
26%
3David Guetta
24%
1David Guetta og Showtek
24%
1Luis Fonsi og Daddy Yankee
22%
1Anders Nilsen
20%
1Bjørn Johan Muri
20%
1Mike Posner
19%
1Stella Mwangi
19%
2Clean Bandit
17%
1Adelén
16%
1Lil Peep og XXXTentacion
16%
1Lilly Wood & The Prick og Robin Schulz
15%
1Galantis
12%
1Dynoro og Gigi D'Agostino
9%
1Marit Larsen
9%
1Major Lazer
8%
1Rudimental
8%
1Amy Macdonald
7%
1Calvin Harris
7%
1Cheryl Cole
7%
1DJ Snake
7%
1Edward Maya og Vika Jigulina
7%
1Mr. Probz
7%
1Duck Sauce
6%
1Lena Meyer-Landrut
5%
1K-391
3%
1Sivert Høyem
3%
1Gabriel Ríos
2%
1Herborg Kråkevik
2%
1Seinabo Sey
2%
1Alina Devecerski
1%
1Hans Bollandsås
1%
1Alexis Jordan
0%
1Artists for Haiti
0%

Score Distribution

Percentile by Number Answered

Percent of People with Each Score

Your Score History

You have not taken this quiz since the last reset